000 00432nam a22001817a 4500
003 MPLRDC
005 20220104114324.0
008 210129b ||||| |||| 00| 0 eng d
082 _a296 YGQ
100 _a雁谷清
245 _a透视心灵的科学
_c
250 _a初版
260 _a
_b世界文物出版社
_c1977
300 _b
490 _a一二三丛书
650 _a通灵术; 心灵术
942 _cBK
_o296 YGQ
999 _c6590
_d6580